|
|
|
|
| LEADER |
00000nam0a2200000 4500 |
| 001 |
362299 |
| 005 |
20231102011457.0 |
| 035 |
|
|
|a (RuTPU)RU\TPU\retro\19645
|
| 090 |
|
|
|a 362299
|
| 100 |
|
|
|a 20210722d1980 km y0rusy50 ca
|
| 101 |
0 |
|
|a rus
|
| 102 |
|
|
|a UZ
|
| 105 |
|
|
|a y z 100zy
|
| 200 |
1 |
|
|a Проблемы лёссовых пород в сейсмических районах
|e тезисы докладов Всесоюзного совещания, Самарканд, 24-26 сентября 1980 г.
|f Самаркандский государственный университет ; Самаркандский государственный архитектурно-строительный институт ; отв. ред. Г. А. Мавлянов
|
| 210 |
|
|
|a Ташкент
|c Фан
|d 19880
|
| 215 |
|
|
|a 258 с.
|
| 606 |
1 |
|
|a Лессовые грунты
|2 stltpush
|3 (RuTPU)RU\TPU\subj\40054
|9 59929
|
| 610 |
1 |
|
|a лессовые породы
|
| 610 |
1 |
|
|a инженерная геология
|
| 610 |
1 |
|
|a сейсмические районы
|
| 610 |
1 |
|
|a совещания
|
| 610 |
1 |
|
|a доклады
|
| 610 |
1 |
|
|a Самарканд
|
| 610 |
1 |
|
|a залегание
|
| 610 |
1 |
|
|a инженерно-геологические условия
|
| 610 |
1 |
|
|a лессообразование
|
| 610 |
1 |
|
|a состав
|
| 610 |
1 |
|
|a опробование
|
| 610 |
1 |
|
|a рельеф
|
| 610 |
1 |
|
|a просадки
|
| 610 |
1 |
|
|a пористость
|
| 610 |
1 |
|
|a сейсмические воздействия
|
| 610 |
1 |
|
|a гидротехнические сооружения
|
| 610 |
1 |
|
|a трещинообразование
|
| 610 |
1 |
|
|a трещинообразование
|
| 610 |
1 |
|
|a деформации
|
| 675 |
|
|
|a 624.131.23
|v 4
|
| 702 |
|
1 |
|a Мавлянов
|b Г. А.
|4 340
|
| 712 |
0 |
2 |
|a Самаркандский государственный университет
|2 stltpush
|3 (RuTPU)RU\TPU\col\13607
|9 25720
|
| 712 |
0 |
2 |
|a Самаркандский государственный архитектурно-строительный институт
|2 stltpush
|3 (RuTPU)RU\TPU\col\9764
|9 24747
|
| 712 |
1 |
2 |
|a Проблемы лёссовых пород в сейсмических районах
|c совещание
|e Самарканд
|f 1980
|4 570
|
| 801 |
|
1 |
|a RU
|b 63413507
|c 20210722
|
| 942 |
|
|
|c BK
|